000 01092nam0a22002651i 4500
001 rc\2159209
005 20240726071854.0
035 _a(NLR Aleph) 006638919
090 _a7627198
_c7627198
100 _a20110829d1979 |||y0rusy50 ca
101 0 _arus
102 _aRU
105 _aa d |||||
200 1 _aОценка и стимулирование качества труда экономистов промышленных предприятий
_e(На прим. машиностроения)
_eАвтореф. дис. на соиск. учен. степ. канд. экон. наук
_e(08.00.07)
210 _aЛенинград
_d1979
215 _a21 с.
_cсхем.
300 _aВ надзаг.: Ленингр. фин.-экон. ин-т им. Н.А. Вознесенского
320 _aБиблиогр.: с. 20-21 (6 назв.)
700 1 _aШапиро
_bЕ.И.
_gЕлена Исаевна
801 0 _aRU
_bNLR
_gpsbo
801 1 _aRU
_bELAR
_2rusmarc
852 _aNLR
_j81-6/1095
899 _aRuMoRGB
_jДр 400/1526
899 _aRuMoRGB
_jДр 400/1527
942 _cBOOK